[Event "Roquetas de Mar Long Memorial op"]
[Site "Roquetas de Mar"]
[Date "2025.05.10"]
[Round "1"]
[White "Del Rio de Angelis, Salvador Gabriel"]
[Black "Lyons, Brendan"]
[Result "1-0"]
[WhiteElo "2402"]
[BlackElo "1872"]
[PlyCount "48"]
[EventDate "2025.05.10"]
[EventType "swiss"]
[EventRounds "9"]
[EventCountry "ESP"]
[SourceTitle "CB21_2025"]
[SourceDate "2025.05.21"]
[SourceVersion "1"]
[SourceVersionDate "2025.05.21"]
[SourceQuality "1"]

1. d4 g6 2. e4 Bg7 3. c3 d5 4. e5 c5 5. Nf3 Bg4 6. Nbd2 cxd4 7. cxd4 Nc6 8. Bb5 Qb6 9. Bxc6+ Qxc6 10. 0-0 e6 11. h3 Bxf3 12. Nxf3 Ne7 13. Bg5 h6 14. Bf6 Kf8 15. Qd2 Qb6 16. Rfc1 Nc6 17. b4 Kg8 18. Rab1 Kh7 19. Qf4 Bxf6 20. exf6 Rhg8 21. b5 g5 22. Qe3 Na5 23. Ne5 Qd8 24. Qd3+ Kh8 1-0

[Event "EU-Cup 39th"]
[Site "Vrnjacka Banja"]
[Date "2024.10.22"]
[Round "3.6"]
[White "Dinic, Nenad"]
[Black "Lyons, Brendan"]
[Result "1-0"]
[WhiteElo "1846"]
[BlackElo "1895"]
[PlyCount "51"]
[EventDate "2024.10.20"]
[EventType "team-swiss"]
[EventRounds "7"]
[EventCountry "SRB"]
[SourceTitle "CB44_2024"]
[Source "Chessbase"]
[SourceDate "2024.10.30"]
[SourceVersion "1"]
[SourceVersionDate "2024.10.30"]
[SourceQuality "1"]
[WhiteTeam "Sremska Mitrovica Sirmium"]
[BlackTeam "St Benildus"]
[WhiteTeamCountry "SRB"]
[BlackTeamCountry "IRL"]

1. e4 g6 2. d4 Bg7 3. Nc3 c5 4. Be3 cxd4 5. Bxd4 Nf6 6. e5 Nh5 7. Qd2 f6 8. exf6 Nxf6 9. h3 Nc6 10. Be3 0-0 11. Bh6 Bxh6 12. Qxh6 Qb6 13. 0-0-0 Qxf2 14. Nf3 Nd8 15. Ng5 Nf7 16. Nxf7 Rxf7 17. Bd3 Qc5 18. g4 e6 19. Rdf1 Qf8 20. Qg5 Qg7 21. Rf2 Ne8 22. Rxf7 Qxf7 23. Rf1 Qg7 24. Qd8 Qh6+ 25. g5 Qxh3 26. Qxe8+ 1-0

[Event "IRL-ch 103rd"]
[Site "Dublin"]
[Date "2024.08.05"]
[Round "3"]
[White "Lyons, Brendan"]
[Black "Woods, Yannick"]
[Result "0-1"]
[WhiteElo "1925"]
[BlackElo "1876"]
[PlyCount "116"]
[EventDate "2024.08.03"]
[EventType "swiss"]
[EventRounds "9"]
[EventCountry "IRL"]
[SourceTitle "CBM 221 Extra"]
[Source "ChessBase"]
[SourceDate "2024.09.30"]
[SourceVersion "1"]
[SourceVersionDate "2024.09.30"]
[SourceQuality "1"]

1. e4 c5 2. Nc3 Nc6 3. f4 g6 4. Nf3 Bg7 5. Bc4 e6 6. f5 gxf5 7. exf5 Nf6 8. 0-0 0-0 9. d3 d5 10. Bb3 Ne7 11. Nh4 exf5 12. Bg5 Be6 13. a3 h6 14. Bf4 Ng6 15. Bg3 Ng4 16. Qe1 Re8 17. Nxg6 fxg6 18. Ne2 c4 19. Ba4 b5 20. Nf4 bxa4 21. Nxe6 Qb6+ 22. Kh1 Rxe6 23. Qd1 Ne3 24. Bf2 Nxd1 25. Bxb6 Rxb6 26. Raxd1 Bxb2 27. dxc4 dxc4 28. Rd7 Bxa3 29. g4 Bf8 30. gxf5 Rf6 31. Rg1 a3 32. fxg6 a2 33. Ra1 Ra6 34. c3 Bg7 35. Rd2 Bxc3 36. Rdxa2 Bxa1 37. Rxa6 Bg7 38. Kg2 Rc8 39. Ra2 c3 40. Rc2 Rc6 41. Kf3 Rxg6 42. Ke4 Rd6 43. Ke3 Rd2 44. Rxd2 cxd2 45. Kxd2 Bd4 46. Kd3 Bb6 47. Ke4 Kf7 48. Kf5 a5 49. Ke5 a4 50. Kd5 a3 51. h4 a2 52. h5 a1Q 53. Kc6 Qa5 54. Kb7 Qc5 55. Ka6 Ba7 56. Kb7 Qb6+ 57. Kc8 Qc6+ 58. Kd8 Bb6# 0-1

[Event "WchT Seniors 50"]
[Site "Krakow"]
[Date "2024.07.09"]
[Round "7.3"]
[White "Lyons, Brendan"]
[Black "Baliuniene, Margarita"]
[Result "1-0"]
[WhiteElo "1920"]
[BlackElo "1960"]
[PlyCount "69"]
[EventDate "2024.07.02"]
[EventType "team-swiss"]
[EventRounds "9"]
[EventCountry "POL"]
[SourceTitle "CBM 221 Extra"]
[Source "ChessBase"]
[SourceDate "2024.09.30"]
[SourceVersion "1"]
[SourceVersionDate "2024.09.30"]
[SourceQuality "1"]
[WhiteTeam "Ireland 50"]
[BlackTeam "Lithuania 50 (W)"]
[WhiteTeamCountry "IRL"]
[BlackTeamCountry "LTU"]

1. e4 c5 2. Nf3 g6 3. d4 cxd4 4. Qxd4 Nf6 5. Nc3 Nc6 6. Qa4 Bg7 7. e5 Ng8 8. Bf4 Nh6 9. Bb5 0-0 10. h4 Ng4 11. h5 Qb6 12. Bg3 Ngxe5 13. Nxe5 Nxe5 14. Nd5 Qc5 15. 0-0-0 a6 16. Be2 Nc6 17. Qh4 h6 18. hxg6 fxg6 19. Bd3 e6 20. Ne3 Qb4 21. Qxb4 Nxb4 22. Bxg6 Nxa2+ 23. Kb1 Nb4 24. Bd6 Rf6 25. Be4 Nc6 26. Ng4 Rf7 27. Nxh6+ Bxh6 28. Rxh6 Rg7 29. Rdh1 Kf7 30. Rh8 Ne7 31. Be5 Rg8 32. R1h7+ Kf8 33. Rxg8+ Nxg8 34. Bd6+ Ke8 35. Bg6+ 1-0

[Event "IRL-ch 102nd"]
[Site "Dublin"]
[Date "2023.08.12"]
[Round "8"]
[White "Duffy, Seamus"]
[Black "Lyons, Brendan"]
[Result "1/2-1/2"]
[WhiteElo "1969"]
[BlackElo "1877"]
[PlyCount "32"]
[EventDate "2023.08.05"]
[EventType "swiss"]
[EventRounds "9"]
[EventCountry "IRL"]
[SourceTitle "CBM 215 Extra"]
[Source "ChessBase"]
[SourceDate "2023.09.30"]
[SourceVersion "1"]
[SourceVersionDate "2023.09.30"]
[SourceQuality "1"]

1. b3 Nf6 2. Bb2 g6 3. e3 Bg7 4. f4 0-0 5. Nf3 e6 6. Be2 b6 7. 0-0 Bb7 8. Qe1 d6 9. Nc3 Nd5 10. Qg3 Nd7 11. Ng5 h6 12. Nh3 Nc5 13. Nf2 Nxc3 14. Bxc3 Bxc3 15. dxc3 Ne4 16. Nxe4 Bxe4 1/2-1/2

[Event "IRL-ch 102nd"]
[Site "Dublin"]
[Date "2023.08.10"]
[Round "6"]
[White "Nolan, Conor"]
[Black "Lyons, Brendan"]
[Result "1/2-1/2"]
[WhiteElo "1935"]
[BlackElo "1877"]
[PlyCount "59"]
[EventDate "2023.08.05"]
[EventType "swiss"]
[EventRounds "9"]
[EventCountry "IRL"]
[SourceTitle "CBM 215 Extra"]
[Source "ChessBase"]
[SourceDate "2023.09.30"]
[SourceVersion "1"]
[SourceVersionDate "2023.09.30"]
[SourceQuality "1"]

1. d4 d5 2. c4 Bf5 3. cxd5 Bxb1 4. Qa4+ c6 5. Rxb1 Qxd5 6. Nf3 Nd7 7. b4 e5 8. dxe5 Qe4 9. Qb3 a5 10. Qxf7+ Kxf7 11. Ng5+ Kg6 12. Nxe4 Bxb4+ 13. Bd2 Nxe5 14. Bxb4 axb4 15. Rxb4 b5 16. Nc3 Ra3 17. Kd2 Nf6 18. e4 Nfg4 19. f3 Rd8+ 20. Kc2 Ne3+ 21. Kb2 Raa8 22. f4 N5c4+ 23. Bxc4 Nxc4+ 24. Kc1 Rd3 25. f5+ Kf7 26. Kc2 Rd2+ 27. Kc1 Rd3 28. Kc2 Rd2+ 29. Kc1 Rd3 30. Rb3 1/2-1/2

[Event "IRL-ch 102nd"]
[Site "Dublin"]
[Date "2023.08.07"]
[Round "3"]
[White "Lyons, Brendan"]
[Black "Haque, Muhtarim Ul"]
[Result "0-1"]
[WhiteElo "1877"]
[BlackElo "2102"]
[PlyCount "54"]
[EventDate "2023.08.05"]
[EventType "swiss"]
[EventRounds "9"]
[EventCountry "IRL"]
[SourceTitle "CBM 215 Extra"]
[Source "ChessBase"]
[SourceDate "2023.09.30"]
[SourceVersion "1"]
[SourceVersionDate "2023.09.30"]
[SourceQuality "1"]

1. e4 e5 2. Nf3 Nc6 3. Bc4 Nf6 4. d3 Be7 5. c3 0-0 6. 0-0 d5 7. exd5 Nxd5 8. Re1 Bg4 9. h3 Be6 10. Nxe5 Nxe5 11. Rxe5 c6 12. Qf3 Bd6 13. Re1 Bc7 14. Nd2 Qd6 15. Ne4 Qh2+ 16. Kf1 Rae8 17. Bd2 Bf4 18. Bxf4 Nxf4 19. Ng3 Nxh3 20. Re4 Qg1+ 21. Ke2 Qxa1 22. gxh3 Bd5 23. Bxd5 cxd5 24. Nf5 dxe4 25. Qg4 exd3+ 26. Kxd3 Qb1+ 27. Kc4 Re4+ 0-1

[Event "IRL-ch 102nd"]
[Site "Dublin"]
[Date "2023.08.05"]
[Round "1"]
[White "Lyons, Brendan"]
[Black "Keogh, Eamon"]
[Result "1-0"]
[WhiteElo "1877"]
[BlackElo "1873"]
[PlyCount "49"]
[EventDate "2023.08.05"]
[EventType "swiss"]
[EventRounds "9"]
[EventCountry "IRL"]
[SourceTitle "CBM 215 Extra"]
[Source "ChessBase"]
[SourceDate "2023.09.30"]
[SourceVersion "1"]
[SourceVersionDate "2023.09.30"]
[SourceQuality "1"]

1. e4 e5 2. d4 exd4 3. c3 dxc3 4. Bc4 d6 5. Qb3 Qe7 6. Nxc3 c6 7. Nge2 b5 8. Nxb5 cxb5 9. Bd5 a6 10. Bxa8 Nf6 11. Bg5 h6 12. Qc3 hxg5 13. Qxc8+ Qd8 14. Bc6+ Nxc6 15. Qxc6+ Nd7 16. Qxa6 Be7 17. Qxb5 Bf6 18. a4 Be5 19. Rc1 Rh4 20. Nc3 Bf4 21. Rc2 Qc8 22. g3 Qc7 23. 0-0 Kf8 24. Rfc1 Nc5 25. Nd5 1-0

[Event "EU-chT Seniors 50"]
[Site "Dresden"]
[Date "2022.10.27"]
[Round "1.3"]
[White "Lyons, Brendan"]
[Black "Nobis, Martina"]
[Result "1/2-1/2"]
[WhiteElo "1902"]
[BlackElo "1823"]
[PlyCount "104"]
[EventDate "2022.10.27"]
[EventType "team-swiss"]
[EventRounds "9"]
[EventCountry "GER"]
[SourceTitle "EXT 2024"]
[Source "ChessBase"]
[SourceDate "2023.10.10"]
[SourceVersion "1"]
[SourceVersionDate "2023.10.10"]
[SourceQuality "1"]
[WhiteTeam "Ireland 50"]
[BlackTeam "Germany (Women) 50 II"]
[WhiteTeamCountry "IRL"]
[BlackTeamCountry "GER"]

1. Nf3 Nf6 2. g3 Nc6 3. Bg2 e5 4. d3 d6 5. c3 Bd7 6. b4 Qc8 7. b5 Nd8 8. a4 Be7 9. e4 0-0 10. Ba3 Re8 11. 0-0 h6 12. Nbd2 Bh3 13. Nc4 Bxg2 14. Kxg2 Ne6 15. Re1 Nh7 16. Ne3 Bf8 17. Bc1 a6 18. Bd2 Qd7 19. c4 axb5 20. axb5 Rxa1 21. Qxa1 Nc5 22. Qa3 g6 23. Ra1 f5 24. exf5 gxf5 25. Nh4 f4 26. gxf4 exf4 27. Nef5 Re5 28. d4 Rxf5 29. Nxf5 Qxf5 30. dxc5 Ng5 31. Kf1 Ne4 32. Ke2 Qg4+ 33. Kd3 Nxf2+ 34. Kc2 Qf5+ 35. Kc1 Nd3+ 36. Kd1 f3 37. Be3 f2 38. Ke2 Nxc5 39. Bxc5 dxc5 40. Qg3+ Kh8 41. Kf1 Qe4 42. Qxf2 Qxc4+ 43. Kg1 Qg4+ 44. Kf1 Qc4+ 45. Kg1 Qg8+ 46. Kf1 b6 47. Ra8 Qc4+ 48. Kg1 Qc1+ 49. Kg2 Qg5+ 50. Kf1 Qc1+ 51. Kg2 Qc4 52. Kg1 Qg4+ 1/2-1/2

[Event "IRL-ch 100th"]
[Site "Dublin"]
[Date "2021.08.08"]
[Round "9"]
[White "Lyons, Brendan"]
[Black "O'Flaherty, Kevin"]
[Result "1/2-1/2"]
[WhiteElo "1931"]
[BlackElo "1884"]
[PlyCount "72"]
[EventDate "2021.07.31"]
[EventType "swiss"]
[EventRounds "9"]
[EventCountry "IRL"]
[SourceTitle "CBM 203 Extra"]
[Source "ChessBase"]
[SourceDate "2021.09.30"]
[SourceVersion "1"]
[SourceVersionDate "2021.09.30"]
[SourceQuality "1"]

1. e4 d6 2. d4 Nf6 3. Nc3 g6 4. f3 Nbd7 5. Be3 c6 6. Qd2 Qc7 7. 0-0-0 Bg7 8. Bh6 Bxh6 9. Qxh6 b5 10. Kb1 b4 11. Nce2 a5 12. Nc1 Ba6 13. Nh3 Bxf1 14. Rhxf1 c5 15. Ng5 cxd4 16. Rxd4 Rc8 17. Rd2 Ne5 18. Re2 Qc4 19. Nh3 Nc6 20. Rff2 Nd4 21. Rd2 Nb5 22. Qe3 0-0 23. Qd3 Qc6 24. Nf4 Qb6 25. g4 e5 26. g5 exf4 27. gxf6 a4 28. Rg2 Rc5 29. Rg4 Rfc8 30. Rdg2 Na3+ 31. bxa3 bxa3+ 32. Nb3 axb3 33. axb3 Rc3 34. Qd5 R8c5 35. Qa8+ Rc8 36. Qd5 R8c5 1/2-1/2

[Event "IRL-ch 100th"]
[Site "Dublin"]
[Date "2021.08.04"]
[Round "5"]
[White "Harding, Timothy David"]
[Black "Lyons, Brendan"]
[Result "1-0"]
[WhiteElo "2003"]
[BlackElo "1931"]
[PlyCount "49"]
[EventDate "2021.07.31"]
[EventType "swiss"]
[EventRounds "9"]
[EventCountry "IRL"]
[SourceTitle "CBM 203 Extra"]
[Source "ChessBase"]
[SourceDate "2021.09.30"]
[SourceVersion "1"]
[SourceVersionDate "2021.09.30"]
[SourceQuality "1"]

1. e4 d5 2. exd5 Nf6 3. Nf3 Qxd5 4. d4 Bg4 5. Be2 Nc6 6. h3 Bxf3 7. Bxf3 Qe6+ 8. Be3 Nd5 9. Qe2 0-0-0 10. c4 Nxe3 11. fxe3 Qd6 12. 0-0 e6 13. Nc3 a6 14. Rac1 f5 15. Rfd1 g5 16. c5 Qg3 17. Qc4 Bg7 18. Ne2 Qh4 19. Qxe6+ Kb8 20. Bxc6 bxc6 21. Rc3 Qe4 22. Rb3+ Ka8 23. Qc4 Ka7 24. Ra3 Kb8 25. Qxa6 1-0

[Event "IRL-ch 100th"]
[Site "Dublin"]
[Date "2021.08.01"]
[Round "2"]
[White "Lyons, Brendan"]
[Black "MacElligott, Gerard"]
[Result "1-0"]
[WhiteElo "1931"]
[BlackElo "1966"]
[PlyCount "63"]
[EventDate "2021.07.31"]
[EventType "swiss"]
[EventRounds "9"]
[EventCountry "IRL"]
[SourceTitle "CBM 203 Extra"]
[Source "ChessBase"]
[SourceDate "2021.09.30"]
[SourceVersion "1"]
[SourceVersionDate "2021.09.30"]
[SourceQuality "1"]

1. e4 c5 2. Nc3 Nc6 3. Bb5 Nd4 4. Nf3 Nxb5 5. Nxb5 d5 6. exd5 a6 7. Nc3 Nf6 8. Ne5 g6 9. Qf3 Bg7 10. 0-0 0-0 11. Re1 Bd7 12. d3 b5 13. Bg5 Qc7 14. Bf4 Qb7 15. Re2 b4 16. Ne4 Rac8 17. d6 Bc6 18. Nxc6 Rxc6 19. Nxc5 Qc8 20. dxe7 Re8 21. d4 Nh5 22. c3 Rf6 23. g3 Bh6 24. Ne4 Rf5 25. Nd6 Nxf4 26. Nxc8 Nh3+ 27. Kg2 Rxf3 28. Kxf3 Ng5+ 29. Kg2 bxc3 30. bxc3 Ne6 31. d5 Rxc8 32. dxe6 1-0

[Event "IRL-ch 100th"]
[Site "Dublin"]
[Date "2021.07.31"]
[Round "1"]
[White "Fitzsimons, David"]
[Black "Lyons, Brendan"]
[Result "1-0"]
[WhiteElo "2324"]
[BlackElo "1931"]
[PlyCount "63"]
[EventDate "2021.07.31"]
[EventType "swiss"]
[EventRounds "9"]
[EventCountry "IRL"]
[SourceTitle "CBM 203 Extra"]
[Source "ChessBase"]
[SourceDate "2021.09.30"]
[SourceVersion "1"]
[SourceVersionDate "2021.09.30"]
[SourceQuality "1"]

1. d4 d5 2. c4 Bf5 3. cxd5 Bxb1 4. Qa4+ c6 5. dxc6 Nxc6 6. Rxb1 Qxd4 7. Qxd4 Nxd4 8. e3 Nc2+ 9. Kd1 Nb4 10. Bb5+ Nc6 11. Bxc6+ bxc6 12. Nf3 Nf6 13. Ke2 Rb8 14. b3 g6 15. Bb2 Bg7 16. Rhc1 Rb6 17. Ne5 Nd5 18. Nxc6 0-0 19. Bxg7 Kxg7 20. Rb2 Rb7 21. Rc5 e6 22. Rbc2 Rc8 23. Na5 Rxc5 24. Rxc5 Rd7 25. a3 Kf6 26. g3 Ke7 27. e4 Nf6 28. f3 h5 29. Rc8 e5 30. Rc5 Kd6 31. b4 Rc7 32. Nc4+ 1-0

[Event "Bunratty Online"]
[Site "Chess.com INT"]
[Date "2021.02.20"]
[Round "9"]
[White "Collins, Adam"]
[Black "Lyons, Brendan"]
[Result "1-0"]
[WhiteElo "1887"]
[BlackElo "1931"]
[PlyCount "71"]
[EventDate "2021.02.20"]
[EventType "swiss (blitz)"]
[EventRounds "9"]
[EventCountry "IRL"]
[SourceTitle "CBM 200 Extra"]
[Source "ChessBase"]
[SourceDate "2021.03.31"]
[SourceVersion "1"]
[SourceVersionDate "2021.03.31"]
[SourceQuality "1"]

1. e4 d5 2. exd5 Nf6 3. Nf3 Bg4 4. Be2 Qxd5 5. d4 Nc6 6. 0-0 e6 7. Be3 0-0-0 8. c4 Qd7 9. Nc3 Bxf3 10. Bxf3 Nxd4 11. Bxd4 Qxd4 12. Qb3 Qb6 13. Qc2 Bc5 14. a3 Bd4 15. Rad1 Bxc3 16. Qxc3 Rxd1 17. Rxd1 Rd8 18. Re1 Qd4 19. Qb4 Qd2 20. Qxb7+ Kd7 21. Rd1 Qxd1+ 22. Bxd1 Ke8 23. Ba4+ Kf8 24. Qxc7 Ra8 25. Bc6 Ne8 26. Qb7 Rd8 27. h3 Nd6 28. Qxa7 Nxc4 29. Qc5+ Nd6 30. b4 Ke7 31. b5 Kf6 32. h4 Nf5 33. g3 Rd1+ 34. Kg2 Rd2 35. Qc3+ Rd4 36. g4 1-0

[Event "Bunratty Online"]
[Site "Chess.com INT"]
[Date "2021.02.20"]
[Round "8"]
[White "Lyons, Brendan"]
[Black "Nolan, Conor"]
[Result "1-0"]
[WhiteElo "1931"]
[BlackElo "1884"]
[PlyCount "73"]
[EventDate "2021.02.20"]
[EventType "swiss (blitz)"]
[EventRounds "9"]
[EventCountry "IRL"]
[SourceTitle "CBM 200 Extra"]
[Source "ChessBase"]
[SourceDate "2021.03.31"]
[SourceVersion "1"]
[SourceVersionDate "2021.03.31"]
[SourceQuality "1"]

1. e4 c6 2. d4 d5 3. Bd3 dxe4 4. Bxe4 Nf6 5. Bf3 Bf5 6. Ne2 e6 7. Bf4 Bd6 8. c4 Bxf4 9. Nxf4 Nbd7 10. 0-0 0-0 11. h3 h6 12. Nc3 Nb6 13. b3 Qd7 14. Nce2 Rad8 15. a4 a5 16. Qe1 Ra8 17. Rd1 Bc2 18. Rc1 Bxb3 19. Rb1 Bxc4 20. Rxb6 Bxe2 21. Nxe2 Nd5 22. Bxd5 Qxd5 23. Rxb7 Rab8 24. Rxb8 Rxb8 25. Qd2 Rb4 26. Rc1 Rxa4 27. Qc2 Ra2 28. Qd1 Rb2 29. Nf4 Qa2 30. Nd3 Rd2 31. Qf3 Qb2 32. Rxc6 Qxd4 33. Rc8+ Kh7 34. Nf4 g5 35. Nh5 Rd1+ 36. Kh2 Qd7 37. Rf8 1-0

[Event "Bunratty Online"]
[Site "Chess.com INT"]
[Date "2021.02.20"]
[Round "4"]
[White "O'Cuilleanain, Oisin"]
[Black "Lyons, Brendan"]
[Result "1-0"]
[WhiteElo "1669"]
[BlackElo "1931"]
[PlyCount "33"]
[EventDate "2021.02.20"]
[EventType "swiss (blitz)"]
[EventRounds "9"]
[EventCountry "IRL"]
[SourceTitle "CBM 200 Extra"]
[Source "ChessBase"]
[SourceDate "2021.03.31"]
[SourceVersion "1"]
[SourceVersionDate "2021.03.31"]
[SourceQuality "1"]

1. d4 d5 2. c4 Bf5 3. cxd5 Bxb1 4. Qa4+ c6 5. dxc6 Nxc6 6. Rxb1 Qxd4 7. Qb3 0-0-0 8. Nf3 Qb4+ 9. Bd2 Qxb3 10. axb3 e5 11. Rc1 Kb8 12. e4 Nb4 13. Bc4 Nd3+ 14. Bxd3 Rxd3 15. Nxe5 Rxb3 16. Nd7+ Ka8 17. Rc8# 1-0

[Event "IRL-ch"]
[Site "Dublin"]
[Date "2020.08.02"]
[Round "2"]
[White "McHugh, Kevin"]
[Black "Lyons, Brendan"]
[Result "1/2-1/2"]
[WhiteElo "2010"]
[BlackElo "1941"]
[PlyCount "90"]
[EventDate "2020.08.01"]
[EventType "swiss"]
[EventRounds "9"]
[EventCountry "IRL"]
[SourceTitle "CBM 197 Extra"]
[Source "ChessBase"]
[SourceDate "2020.09.30"]
[SourceVersion "1"]
[SourceVersionDate "2020.09.30"]
[SourceQuality "1"]

1. e4 d5 2. exd5 Nf6 3. Bb5+ Nbd7 4. d4 Nxd5 5. Nf3 c6 6. Be2 Qc7 7. 0-0 Nf4 8. Bxf4 Qxf4 9. Nc3 e6 10. Re1 Bd6 11. g3 Qh6 12. Ne4 Bc7 13. Bf1 0-0 14. Bg2 e5 15. dxe5 Nxe5 16. Nxe5 Bxe5 17. c3 Bc7 18. Qb3 Bb6 19. c4 Be6 20. Qc3 Rad8 21. c5 Bc7 22. f4 Bd5 23. b3 Qg6 24. Re2 h6 25. Qe1 f5 26. Nf2 Bxg2 27. Kxg2 Rde8 28. Nd3 Rxe2+ 29. Qxe2 Re8 30. Qd2 Qe6 31. Nf2 Rd8 32. Qc2 Ba5 33. Rd1 Rd5 34. Kf3 Be1 35. Qc4 Bxf2 36. Kxf2 Kf7 37. Re1 Rd2+ 38. Kf1 Qxc4+ 39. bxc4 b6 40. cxb6 axb6 41. Rb1 b5 42. cxb5 cxb5 43. Rxb5 Rxa2 44. Rxf5+ Kg6 45. Re5 Ra8 1/2-1/2

[Event "EUR-chT Seniors 50"]
[Site "Mali Losinj"]
[Date "2019.09.18"]
[Round "1.3"]
[White "Mencinger, Vojko"]
[Black "Lyons, Brendan"]
[Result "1-0"]
[WhiteElo "2332"]
[BlackElo "1971"]
[PlyCount "39"]
[EventDate "2019.09.18"]
[EventType "team-swiss"]
[EventRounds "9"]
[EventCountry "CRO"]
[SourceTitle "EXT 2020"]
[Source "ChessBase"]
[SourceDate "2019.10.17"]
[SourceVersion "1"]
[SourceVersionDate "2019.10.17"]
[SourceQuality "1"]
[WhiteTeam "Maribor 50"]
[BlackTeam "Ireland 50"]
[WhiteTeamCountry "SLO"]
[BlackTeamCountry "IRL"]

1. e4 d5 2. exd5 Qxd5 3. Nc3 Qd6 4. d4 Nf6 5. Nf3 c6 6. g3 Bg4 7. Bg2 Nbd7 8. 0-0 0-0-0 9. Bf4 Bxf3 10. Qxf3 Qxd4 11. Rfd1 Qc5 12. Qd3 e5 13. Be3 Qa5 14. a3 Be7 15. b4 Qc7 16. Qc4 Rhf8 17. Bxa7 Nb6 18. Bh3+ Nfd7 19. Bxb6 Qxb6 20. Nd5 1-0

[Event "IRL-ch"]
[Site "Dublin"]
[Date "2019.08.08"]
[Round "6"]
[White "Lyons, Brendan"]
[Black "Harding, Timothy David"]
[Result "1-0"]
[WhiteElo "1967"]
[BlackElo "2028"]
[PlyCount "105"]
[EventDate "2019.08.03"]
[EventType "swiss"]
[EventRounds "9"]
[EventCountry "IRL"]
[SourceTitle "CBM 191 Extra"]
[Source "ChessBase"]
[SourceDate "2019.09.30"]
[SourceVersion "1"]
[SourceVersionDate "2019.09.30"]
[SourceQuality "1"]

1. e4 e5 2. Nf3 Nc6 3. Bc4 Bc5 4. c3 Nf6 5. d3 0-0 6. b4 Bb6 7. b5 Ng4 8. 0-0 Na5 9. Bg5 Qe8 10. Nbd2 Kh8 11. h3 f6 12. Bh4 Nh6 13. g4 d6 14. Nh2 Bd7 15. a4 Nxc4 16. Nxc4 Qe6 17. Rb1 d5 18. Nxb6 axb6 19. f4 exf4 20. exd5 Qxd5 21. Rxf4 Rfe8 22. Rd4 Qe6 23. Qf3 c6 24. Bg3 Nf7 25. Re1 Ne5 26. Bxe5 fxe5 27. Rde4 Qd6 28. Qe3 cxb5 29. axb5 Bxb5 30. c4 Bc6 31. Rxe5 Rxe5 32. Qxe5 Qxd3 33. Rf1 Qxc4 34. Qe7 Qc5+ 35. Qxc5 bxc5 36. Rc1 b6 37. Rd1 Rb8 38. Rd6 Be4 39. Nf1 Kg8 40. Nd2 Bc2 41. Nc4 b5 42. Na3 Bb3 43. Kf2 b4 44. Nb1 Bc2 45. Nd2 b3 46. Rc6 Rb5 47. Nc4 Kf7 48. Nd6+ Ke6 49. Nxb5+ Kd5 50. Rb6 Kc4 51. Ke3 b2 52. Kd2 Be4 53. Nd6+ 1-0

[Event "IRL-ch"]
[Site "Dublin"]
[Date "2019.08.06"]
[Round "4"]
[White "Lyons, Brendan"]
[Black "Cafolla, Peter"]
[Result "1-0"]
[WhiteElo "1967"]
[BlackElo "1975"]
[PlyCount "59"]
[EventDate "2019.08.03"]
[EventType "swiss"]
[EventRounds "9"]
[EventCountry "IRL"]
[SourceTitle "CBM 191 Extra"]
[Source "ChessBase"]
[SourceDate "2019.09.30"]
[SourceVersion "1"]
[SourceVersionDate "2019.09.30"]
[SourceQuality "1"]

1. e4 c5 2. Nf3 Nc6 3. d3 Nf6 4. Nbd2 d5 5. g3 e5 6. Bg2 d4 7. 0-0 Be7 8. Nc4 Qc7 9. a4 b6 10. Nh4 Bg4 11. f3 Be6 12. Nf5 Bxf5 13. exf5 h5 14. f4 0-0-0 15. fxe5 Nd5 16. Qf3 Nxe5 17. Nxe5 Qxe5 18. Bd2 Bf6 19. c4 dxc3 20. bxc3 Qc7 21. d4 h4 22. g4 g5 23. fxg6 fxg6 24. Rae1 Rhf8 25. Qe4 Qd6 26. g5 Bg7 27. Rxf8 Bxf8 28. c4 Bg7 29. cxd5 Bxd4+ 30. Kh1 1-0

[Event "IRL-ch"]
[Site "Dublin"]
[Date "2019.08.03"]
[Round "1"]
[White "Lyons, Brendan"]
[Black "Moran, Stephen"]
[Result "0-1"]
[WhiteElo "1967"]
[BlackElo "2186"]
[PlyCount "50"]
[EventDate "2019.08.03"]
[EventType "swiss"]
[EventRounds "9"]
[EventCountry "IRL"]
[SourceTitle "CBM 191 Extra"]
[Source "ChessBase"]
[SourceDate "2019.09.30"]
[SourceVersion "1"]
[SourceVersionDate "2019.09.30"]
[SourceQuality "1"]

1. e4 e6 2. d3 d5 3. Qe2 Be7 4. Nf3 Nf6 5. e5 Nfd7 6. g3 b6 7. Bg2 Bb7 8. 0-0 0-0 9. h4 c5 10. Bf4 Qc7 11. c4 d4 12. Nbd2 Nc6 13. Ne4 Ncxe5 14. Nxe5 Nxe5 15. Ng5 Bxg2 16. Bxe5 Qc6 17. Nxh7 Bf3 18. Qd2 Kxh7 19. g4 f6 20. Bg3 Rh8 21. Rfe1 e5 22. g5 Kg8 23. gxf6 Bxf6 24. Bxe5 Bxe5 25. Qg5 Bf6 0-1

[Event "IRL-chT"]
[Site "Dublin"]
[Date "2019.04.07"]
[Round "5.4"]
[White "Lyons, Brendan"]
[Black "Hayden, Luke"]
[Result "1-0"]
[WhiteElo "1976"]
[BlackElo "1486"]
[PlyCount "59"]
[EventDate "2019.04.05"]
[EventType "team-swiss"]
[EventRounds "5"]
[EventCountry "IRL"]
[SourceTitle "CBM 189 Extra"]
[Source "ChessBase"]
[SourceDate "2019.05.31"]
[SourceVersion "1"]
[SourceVersionDate "2019.05.31"]
[SourceQuality "1"]
[WhiteTeam "Benildus"]
[BlackTeam "UCD"]
[WhiteTeamCountry "IRL"]
[BlackTeamCountry "IRL"]

1. e4 c5 2. Nf3 Nc6 3. d3 d6 4. g3 g6 5. Bg2 Bg7 6. 0-0 Bg4 7. h3 Bd7 8. c3 Nf6 9. Re1 e5 10. Bg5 h6 11. Be3 g5 12. Nbd2 g4 13. Nh4 gxh3 14. Bf1 Ne7 15. d4 cxd4 16. cxd4 Ng6 17. Nf5 Bxf5 18. exf5 Ne7 19. dxe5 dxe5 20. Qa4+ Kf8 21. Bxh3 h5 22. Rad1 Qe8 23. Qa3 Ng4 24. Bc5 b6 25. Bd6 Qd7 26. Ne4 f6 27. Rc1 Qxf5 28. Bxe7+ Kg8 29. Qb3+ Kh7 30. f3 1-0

[Event "IRL-chT"]
[Site "Dublin"]
[Date "2019.04.06"]
[Round "3.2"]
[White "Lyons, Brendan"]
[Black "Murphy, Sean1"]
[Result "1-0"]
[WhiteElo "1976"]
[BlackElo "1853"]
[PlyCount "75"]
[EventDate "2019.04.05"]
[EventType "team-swiss"]
[EventRounds "5"]
[EventCountry "IRL"]
[SourceTitle "CBM 189 Extra"]
[Source "ChessBase"]
[SourceDate "2019.05.31"]
[SourceVersion "1"]
[SourceVersionDate "2019.05.31"]
[SourceQuality "1"]
[WhiteTeam "Benildus"]
[BlackTeam "Elm Mount"]
[WhiteTeamCountry "IRL"]
[BlackTeamCountry "IRL"]

1. e4 c5 2. Nf3 d6 3. d3 Nc6 4. Nbd2 Nf6 5. g3 Bg4 6. h3 Bh5 7. Bg2 e6 8. c3 Be7 9. 0-0 Qc7 10. a3 h6 11. b4 Nd7 12. Qc2 0-0 13. d4 Bg6 14. Qb3 cxd4 15. cxd4 Rac8 16. Bb2 Qb6 17. Nc4 Qd8 18. d5 exd5 19. exd5 Ncb8 20. Rac1 Nb6 21. Nxb6 Qxb6 22. Bd4 Qa6 23. Rfe1 Rxc1 24. Rxc1 b6 25. Rc7 Bf6 26. Bf1 b5 27. Rxa7 Qc8 28. Bxf6 gxf6 29. Ra5 Bf5 30. Rxb5 Bxh3 31. Rxb8 Qxb8 32. Bxh3 Qc7 33. Qb2 Kg7 34. Nh4 Ra8 35. Nf5+ Kf8 36. Qxf6 Qc1+ 37. Kh2 Qg5 38. Qh8+ 1-0